| 000 | 00643nam a2200205Ia 4500 | ||
|---|---|---|---|
| 003 | IN-BaIIA | ||
| 008 | 211028s9999 xx 000 0 eng d | ||
| 020 | _a81-224-0339-5 | ||
| 040 | _cIIA Library | ||
| 080 |
_a621.317 _bUMA |
||
| 100 |
_aUmanand, L. _917784 |
||
| 245 | 0 |
_aDesign of magnetic components for switched mode power converters _cL. Umanand and S. R. Bhat |
|
| 260 |
_aNew Delhi _bWiley Eastern _c1992 |
||
| 300 | _avii, 148p. | ||
| 650 | _aNASA Thesaurus | ||
| 650 |
_aPower converters _917785 |
||
| 650 |
_aTorque converters _917786 |
||
| 700 |
_aBhat, S. R. _917787 |
||
| 942 | _cBK | ||
| 999 |
_c10459 _d10459 |
||